The appointed surveyor as arbitrator (Record no. 65603)

MARC details
000 -LEADER
fixed length control field 01346cam a2200229 4500
001 - CONTROL NUMBER
control field ABS63252
008 - FIXED-LENGTH DATA ELEMENTS--GENERAL INFORMATION
fixed length control field 000000n2000 000 0 eng u
035 ## - SYSTEM CONTROL NUMBER
System control number (Sirsi) u109989
100 ## - MAIN ENTRY--PERSONAL NAME
Personal name Bowden, D
245 #4 - TITLE STATEMENT
Title The appointed surveyor as arbitrator
260 ## - PUBLICATION, DISTRIBUTION, ETC.
Date of publication, distribution, etc. 2000
490 ## - SERIES STATEMENT
Series statement Structural Survey
Volume/sequential designation 18(5) December 2000, 199-204(6)
520 ## - SUMMARY, ETC.
Summary, etc. This paper considers the legal status of a surveyor appointed under section 10 of the Party Wall, etc Act 1996. By reference to that Act as well as to the Arbitration Act 1996, the European Convention and to the rules of natural justice, it argues that the section 10 procedure is a statutory arbitration. It therefore argues that the appointed surveyor is an arbitrator who must be independent, act impartially and be immune from suit. It also suggests that surveyors' awards can be adopted as judgments by the courts and that they can only be appealed against provided the strict appeals criteria of the Arbitration Act are met. Journal abstract.
590 ## - LOCAL NOTE (RLIN)
Local note ABS
650 ## - SUBJECT ADDED ENTRY--TOPICAL TERM
Topical term or geographic name entry element PARTY WALL ETC ACT 1996 S10
650 ## - SUBJECT ADDED ENTRY--TOPICAL TERM
Topical term or geographic name entry element ARBITRATION ACT 1996
650 ## - SUBJECT ADDED ENTRY--TOPICAL TERM
Topical term or geographic name entry element Party walls
9 (RLIN) 6258
650 ## - SUBJECT ADDED ENTRY--TOPICAL TERM
Topical term or geographic name entry element MANAGEMENT-DISPUTE AVOIDANCE, MANAGEMENT AND RESOLUTION-DISPUTE MANAGEMENT AND RESOLUTION-ARBITRATION
650 ## - SUBJECT ADDED ENTRY--TOPICAL TERM
Topical term or geographic name entry element APPOINTMENT OF ARBITRATOR
690 ## - LOCAL SUBJECT ADDED ENTRY--TOPICAL TERM (OCLC, RLIN)
Topical term or geographic name as entry element Boundary disputes
9 (RLIN) 6221
942 ## - ADDED ENTRY ELEMENTS (KOHA)
Suppress in OPAC 0
Holdings
Withdrawn status Lost status Source of classification or shelving scheme Damaged status Not for loan Home library Current library Shelving location Date acquired Total Checkouts Full call number Barcode Date last seen Copy number Price effective from Koha item type
    Dewey Decimal Classification     London London Journal article 15/12/2000   ABS63252 109989-1001 06/08/2019 1 06/08/2019 Journal article